Profile: Herbert Hoover Quiz Stats

 Plays Quiz Updated Jan 23, 2018

Challenge
Share
Tweet
Embed
Score 0/30 Timer 06:00
0 Plays Today
% Correct
Political partyRepublican
86.6%
Economic downturn that plagued in his termGreat Depression
79.2%
Engineering wonder named in his honor in 1947Hoover Dam
78.8%
Opponent in his second presidential runFranklin Roosevelt
78.7%
Year of first presidential run1928
75.9%
Hoover's presidential predecessorCalvin Coolidge
75.7%
Shanty towns named for himHoovervilles
75.3%
Year of second presidential run1932
75.2%
Number of Hoover's presidency31st
70.3%
Economic event of October 29, 1929Black Tuesday
69.8%
ReligionQuaker
61%
Year of birth1874
60.7%
Number of states Hoover carried6
58.3%
President who appointed him to the cabinetWarren G. Harding
57%
Body of water where it is locatedColorado River
56.9%
% Correct
Number of states Hoover carried40
55.9%
Year of death1964
55.9%
State of birthIowa
48.8%
Alma materStanford University
35.3%
Cabinet department he headedCommerce
33.4%
Non-English language the Hoovers spokeMandarin
32.9%
SpouseLou Henry
32.7%
Name of either Hoover sonAllan and Herbert, Jr.
32.1%
Opponent in his first presidential runAl Smith
31.9%
College majorMining Engineering
31.9%
NYC hotel where he lived until his deathWaldorf Astoria
26.2%
Middle nameClark
24.4%
Ill-fated tariff he signed into law in 1930Smoot-Hawley Tariff
22.1%
WWI veterans who marched on DC in 1932Bonus Army
21.7%
Vice PresidentCharles Curtis
16.5%

You're not logged in!

Compare scores with friends on all Sporcle quizzes.
OR
Log In

You Might Also Like...

Show Comments

Extras

Top Quizzes Today


Score Distribution

Your Account Isn't Verified!

In order to create a playlist on Sporcle, you need to verify the email address you used during registration. Go to your Sporcle Settings to finish the process.

Report this User

Report this user for behavior that violates our Community Guidelines.

Details: